00542nam a2200193 a 450000100060000000300080000600500170001400800390003103500190007004000270008904100080011608200250012410000210014924500550017026000480022530000200027360000400029370000150033359756BD-RjUL20211209080751.0161228s1955 ii 000 0 eng a(BD-RjUL)59880 aDLCcDLCdBD-RjULbeng aeng00223bGUM 1955a323.4410aGupta, B. N. Das10aM. N. Roy : bquest for freedom /cB. N. Das Gupta aCalcutta :bFirma K. L. Mukhopadhyay,c1955 a50 p. ;c19 cm. aRoy, Manabendra Nath, -- 1887-1954. aRoy, M. N.